Carlitos dancing bar y otros cuentos /
Guardado en:
| Autor Principal: | |
|---|---|
| Formato: | Libro |
| Publicado: |
Buenos Aires :
Almagesto,
1992
|
| Series: | Colección mínima
|
| Etiquetas: |
Agregar Etiqueta
Sin Etiquetas, Sea el primero en etiquetar este registro!
|
| LEADER | 00474nam a22001575a 4500 | ||
|---|---|---|---|
| 001 | EHU.bham020797 | ||
| 003 | AR-BHAM | ||
| 005 | 20101213173214.0 | ||
| 008 | 130507s1992##################000#0#####d | ||
| 082 | A | 8 | |a 863.4 |
| 100 | 1 | |a Giardinelli, Mempo | |
| 245 | 1 | 0 | |a Carlitos dancing bar y otros cuentos / |c Mempo Giardinelli |
| 260 | |a Buenos Aires : |b Almagesto, |c 1992 | ||
| 300 | |a 39 p. | ||
| 490 | 0 | |a Colección mínima | |
| 859 | |a AR-BHAM |b BIB. HUMANIDADES - General |h A863.4 |i G349 |k A |p 53.97 |t Ej.1 | ||
